Trouvez la ville sur une carte au trésor - Statistiques

Statistiques générales
  • Ce quiz a été pris 767 fois
  • Le résultat moyen est 5 sur 14
Réponses sur la Carte
Les réponses sont colorées sur une échelle allant du rouge au vert en fonction du pourcentage des utilisateurs qui les ont devinées à leur premier essai. Vous pouvez retrouver ces pourcentages ci-dessous.
 
Statistiques - réponses
Hint Réponse % Correct
Spécialité culinaire de l'Alsace et de l'Allemagne, dont la consommation réduit grandement les cas de scorbut chez les marins Choucroute
64%
Ville fictive couverte d'or supposément en Amérique du sud. Eldorado
62%
Marin indissociable de son bonnet rouge, pionnier de l'exploration des fonds marins. Jacques-Yves Cousteau
59%
Navires inventés au XVème siècle par les Portugais, symboles des grandes découvertes. Caravelles
56%
Pays dans lequel a été inventé la boussole. Chine
56%
Premier explorateur européen ayant atteint les Indes en passant par le cap de Bonne-Espérance en bateau Vasco de Gama
56%
Étoile la plus brillante de la Petite Ourse, donnant la direction du nord dans l'hémisphère nord Polaris
54%
L'un des premiers hommes à avoir gravi l'Everest. Edmund Hillary | Tensing Norgay
28%
Meneur viking d'une expédition ayant découvert l'Amérique du nord aux alentours de l'an 1000 Leif Erikson
24%
Explorateur né dans le Maroc actuel, ses expéditions au XIVème siècle l'emmenèrent jusqu'en Chine, à Zanzibar et en Indonésie Ibn Battûta
12%
Famille de langues contenant à la fois l'hawaïen et le malgache langues {austronésiennes}
8%
Amiral chinois qui fut à la tête de nombreuses explorations, qui l'amenèrent dans la mer Rouge, au large du Kenya et en Indonésie. Zheng He
8%
La ville secrète de la carte Tbilissi
5%
Cap au large du Maroc, frontière maritime méridionale supposée du monde au moyen Âge Cap {Bojador}
4%
Aucun quiz correspondant
Distribution des résultats
% des personnes avec chaque résultat
Percentile par nombre de réponses
Votre historique - résultats
Vous n’avez pas pris ce quiz